Multimodálna doprava: Investície sú nevyhnutné

Rast významu multimodálnej prepravy v dopravnom reťazci. Konkurenčná schopnosť kombinovanej dopravy. Riešením sú ucelené vlaky. Spoločnosť METRANS v poskytovaní kombinovanej prepravy kontajnerov v rámci Českej a Slovenskej republiky. Prístavy ako súčasti multimodálnej dopravy.

Gespeichert in:
Bibliographische Detailangaben
1. Verfasser: Oravec, Jozef
Format: Buchkapitel
Sprache:Slowakisch
Schlagworte:
Tags: Tag hinzufügen
Keine Tags, Fügen Sie das erste Tag hinzu!

MARC

LEADER 00000naa a2200000 4500
001 0238424
005 20180103110037.2
041 0 |a slo 
044 |a CZ 
245 1 0 |a Multimodálna doprava: Investície sú nevyhnutné  |c Jozef Oravec 
520 |a Rast významu multimodálnej prepravy v dopravnom reťazci. Konkurenčná schopnosť kombinovanej dopravy. Riešením sú ucelené vlaky. Spoločnosť METRANS v poskytovaní kombinovanej prepravy kontajnerov v rámci Českej a Slovenskej republiky. Prístavy ako súčasti multimodálnej dopravy. 
610 2 0 |a doprava nákladná 
610 2 0 |a doprava kombinovaná 
610 2 0 |a doprava kontajnerová 
610 2 0 |a doprava medzinárodná 
610 2 0 |a konkurencieschopnosť 
100 1 |a Oravec, Jozef